00271nam a2200109Ia 4500008004100000100002600041245002500067260000900092300002800101440002400129650000800153180117s9999 xx 000 0 und d aby Kaye- Estoista-Koo aLessons From the AFP c2017 a8-10 pages, 2017 May 21 aPhilippine Panorama aAFP